LEADER 01102nam0 22003013i 450 001 996287739203316 005 20190326160820.0 010 $a978-88-903419-3-9 100 $a20181030d2017----||||0itac50 ba 101 $aita 102 $aIT 105 $ay 00 y 200 1 $a<> audit privacy secondo il nuovo Regolamento Europeo GDPR 2016/679$eguida pratica per la verifica della protezione dei dati$fStefano Gorla, Michele Iaselli, Giuseppe Tacconi$gprefazione a cura di Gianluca De Vincentiis 210 $aMilano$cITER$d2017 215 $a112 p.$d21 cm 606 0 $aDiritto alla riservatezza$xTutela$xLegislazione$2BNCF 676 $a342.450858 700 1$aGORLA,$bStefano$f<1963- >$0763528 701 1$aTACCONI,$bGiuseppe$f<1966- >$0763529 701 1$aIASELLI,$bMichele$0267814 702 1$aDE VINCENTIIS,$bGianluca 801 0$aIT$bsalbc$gISBD 912 $a996287739203316 951 $d439094$aXXV.1.E. 134$b89543 g.$cXXV.1.E. 959 $aBK 969 $aGIU 996 $aAudit privacy secondo il nuovo Regolamento Europeo GDPR 2016$91549184 997 $aUNISA LEADER 00723cam0 2200241 450 001 E600200062651 005 20201015094205.0 100 $a20100406d1919 |||||ita|0103 ba 101 $aita 102 $aIT 200 1 $aLeonardo da Vinci$fFrancesco Orestano 210 $aRoma$cOptima$d1919 215 $a218 p.$d17 cm 700 1$aOrestano$b, Francesco$3AF00014971$4070$071128 801 0$aIT$bUNISOB$c20201015$gRICA 850 $aUNISOB 852 $aUNISOB$j700$m1543 912 $aE600200062651 940 $aM 102 Monografia moderna SBN 941 $aM 957 $a700$b004506$gSi$d1543$1catenacci$2UNISOB$3UNISOB$420100406081520.0$520191113120952.0$6Spinosa 996 $aLeonardo da Vinci$91705052 997 $aUNISOB